000 02109nem a2200433 i 4500
001 196842
003 SpMaBN
005 20250109063103.0
007 aj aanzn
008 000424s1799 fr z e fre
016 7 _abicaBNE20050043445
_zAMER89003733
_2SpMaBN
034 0 _aa
035 _a(SpMaBN)bica0000044086
035 _a991001544069708606
035 _a(OCoLC)431578707
040 _aSpMaBN
_bspa
_cSpMaBN
_erdc
080 _a912:551.468:742(73 O.)"1792/1794"
080 _a(730)
245 1 0 _aVues de diverses parties de la côte Nord-Ouest d'Amérique
_h[Material cartográfico]
255 _aEscala indeterminada
260 _a[Paris] :
_bImprimerie de la République,
_c[1799]
300 _a7 perfiles en 1 h. ;
_c65 x 92 cm.
336 _2rdacontent
_atexto
337 _2rdamedia
_asin mediación
338 _2rdacarrier
_avolumen
500 _aMeridiano de origen: Greenwich
500 _aRelieve representado mediante perfiles
500 _a"Cap Mendocino": la Pointe Sud par 40²19' de Lat nord et 235² 53' de Long.Orient...­"Cap Oxford": par 42²52' de Lat. Nord: restant au SSEà 10 milles de distance...­"Cap Gregory": par 43²23' de Lat. Nord et 235²50' de Long. Orient...­"Pointe Grenville": par 47²22' de Lat. Nord et 235²58' de Long Orient...­" Entrée du Detroit de Juan de Fuca: la Pointe Sud ou Cap Flattery par 48²32' de Lat. N. et 235²38' de Long Orient...­" ...le Mont Olympe": par 47²50' de lat. Nord et 236²34' de Long. Orient...
599 _aGrabado por Michel.
611 2 0 _a Vancouver, Expedición de,
_d1791-1795
_9239420
651 0 _9239286
_aAmérica del Norte
_vMapas
655 0 _9239293
_aMapas topográficos-
_yS. XVIII
700 0 _9113045
_aVancouver, George,
_d1757-1798
710 _aImprimerie de la République (Francia)
_9239285
852 _aES-MaACL
_cDEPO2
_dOlim: B-6988
_dOlim: 155-A-2
_jGF-116(13)
_xEncuadernado con otros mapas formando un volumen facticio.
_9204494
942 _2udc
_cCARTOGRAFI
_n0
999 _c196842
_d196842